| 000 | 01257nam a22003377a 4500 | ||
|---|---|---|---|
| 003 | CHAP | ||
| 005 | 20220329140005.0 | ||
| 008 | 971013s1967 r 00010 d | ||
| 010 | _a45158 | ||
| 011 | _a46130 | ||
| 035 | _a50270 | ||
| 040 | _cCHAP | ||
| 082 |
_a538.79725 _bU55 1966 |
||
| 110 |
_aUniversidad Nacional Autónoma de México. Instituto de Geofísica _9116547 |
||
| 245 |
_aObservatorio magnético de Teoloyucan _b: valores magnéticos para el año 1966 |
||
| 260 |
_aMéxico, D.F. : _bLa Universidad, _c1967 |
||
| 300 |
_a97 p. _b: ilus. |
||
| 490 | _aApéndice II de los Anales del Instituto de Geofísica, vol. 12, 1967 | ||
| 590 |
_aBATCH-UPD _b10 _c20130110 _lUCH01 _h0127 |
||
| 590 |
_aBATCH-UPD _b10 _c20130110 _lUCH01 _h1021 |
||
| 590 |
_aBATCH-UPD _b10 _c20130409 _lUCH01 _h2121 |
||
| 590 |
_aBATCH-UPD _b10 _c20130410 _lUCH01 _h0626 |
||
| 590 |
_aBATCH-UPD _b10 _c20130914 _lUCH01 _h1139 |
||
| 590 |
_aCONVERSION _b10 _c20130109 _lUCH01 _h1325 |
||
| 650 | 1 | 4 |
_aDeclinación magnética. _931481 |
| 650 | 1 | 4 |
_aMagnetismo. _969857 |
| 830 | 0 |
_aApendice II de los Anales del Instituto de Geofisica, vol. 12, 1967 _96317 |
|
| 901 | _aBK | ||
| 942 | _cLIBRO | ||
| 949 |
_a538.79725 U55 1966 _bBC _cLIBRO _d33724000399713 _eLIBRO _h13247 _i50270 _mD _si |
||
| 999 |
_c45158 _d45158 |
||